000 00517nam a2200157 a 4500
001 000048099
005 20201002060923.0
008 181115s2015 dr 000 spa d
020 _a9789945166996
040 _aDO-SdBNP
_bspa
_cBNPHU
082 _axxx
_bI591
245 0 _aInstructivo para la elaboración de la tesis de posgrado de la universidad católica Santo Domingo.
260 _aSanto Domingo :
_bUniversidad Católica Santo Domingo,
_c2015.
300 _a62 p. ;
_c23 cm.
590 _aInventariado, 2018 / DG
999 _c47587
_d47587